Statistiques concernant Signes astrologiques en Anglais

Cliquez ici pour prendre le quiz!

Statistiques générales

  • Ce quiz a été pris 209 fois
  • Le résultat moyen est 10 sur 12

Statistiques - réponses

FrançaisAnglais% Correct
ScorpionScorpio
89%
TaureauTaurus
88%
ViergeVirgo
88%
CancerCancer
86%
GémeauxGemini
84%
SagittaireSagittarius
81%
LionLeo
79%
PoissonPisces
79%
CapricorneCapricorn
78%
VerseauAquarius
72%
BalanceLibra
69%
BelierAries
66%

Distribution des résultats

Percentile par nombre de réponses

% des personnes avec chaque résultat

Votre développement - résultats

Vous n’avez pas pris ce quiz